000 00354nam a22001577a 4500
020 _a978-0-439951-40-1
082 _a823
_bMIL/D
100 _aMILES, ELLEN
245 _aSNOWBALL
_bSHORT STORY
246 _aSNOWBALL
_bSHORT STORY
260 _aUS
_bSCHOLASTIC INC
_c2005
300 _a78
520 _aSHORT STORY
650 _aSHORT STOY
942 _cBK
999 _c1907
_d1907